书目信息 |
| 题名: |
变宋体
|
|
| 作者: | 王淑云 , 童曼之 编著 | |
| 分册: | ||
| 出版信息: | 长沙 湖南美术出版社 1994.07 |
|
| 页数: | 189页 | |
| 开本: | 24开 | |
| 丛书名: | ||
| 单 册: | ||
| 中图分类: | J292.13 | |
| 科图分类: | ||
| 主题词: | 书法--中国 , 篆刻--中国 | |
| 电子资源: | ||
| ISBN: | 7-5356-0688-1 | |
| 000 | 00610nam0 2200217 45 | |
| 001 | 0008181760 | |
| 005 | 20000818172901.6 | |
| 010 | @a7-5356-0688-1@d10.00元 | |
| 100 | @a20000818d1994 km y0chiy0120 ea | |
| 101 | 0 | @achi |
| 105 | @a z 000yy | |
| 200 | 1 | @a变宋体@ABian Song Ti@f王淑云,童曼之编著@FWang Shu Yun,Tong Man Zhi Bian Zhu |
| 210 | @a长沙@c湖南美术出版社@d1994.07 | |
| 215 | @a189页@d24开 | |
| 606 | 0 | @a书法@x中国 |
| 606 | 0 | @a篆刻@x中国 |
| 690 | @aJ292.13@v3 | |
| 701 | 0 | @a王淑云@4编著 |
| 701 | 0 | @a童曼之@4编著 |
| 801 | @aCN@bPftUser@c20000818 | |
| 905 | @b111616-618@dJ292.13@eT319/6@f3 | |
| 变宋体/王淑云,童曼之编著.-长沙:湖南美术出版社,1994.07 |
| 189页;24开 |
| ISBN 7-5356-0688-1:10.00元 |
| ● |
| 相关链接 |
|
|
|
正题名:变宋体
索取号:J292.13/T319/6
 
预约/预借
| 序号 | 登录号 | 条形码 | 馆藏地/架位号 | 状态 | 备注 |
| 1 | 111616 | 201116167 | 自科二线404/404自科库 3排5列1层/ [索取号:J292.13/T319/6] | 在馆 | |
| 2 | 111617 | 201116176 | 社科库309/ [索取号:J292.13/T319/6] | 在馆 | |
| 3 | 111618 | 201116185 | 社科库309/ [索取号:J292.13/T319/6] | 在馆 |